000 00644nam a22001577a 4500
003 macl
005 20181013132057.0
008 181013b xxu||||| |||| 00| 0 eng d
040 _cmacl
082 _a425
100 _a गौतम ,शैफाली.
_973031
245 _aBNB सामान्‍य अंग्रेजी सभ्‍ाी प्रतियाेगी परीक्षाआें के लिए उपयाेगी
260 _aभाेपाल
_b बी एन बी पब्लिकेशन्‍स
_c2017
650 _a सामान्‍य अंग्रेजी
_973032
942 _2ddc
_cHIN
999 _c58423
_d58423